[Event "WCh Women 2017"]
[Site "masterchessopen.com Tehran IRI"]
[Date "2017.02.13"]
[Round "1.1"]
[White "Gvetadze,Sopi"]
[Black "Batsiashvili,N"]
[Result "0-1"]
[WhiteElo "2285"]
[BlackElo "2492"]

1.Nf3 Nf6 2.g3 c5 3.Bg2 g6 4.O-O Bg7 5.d3 Nc6 6.e4 d6 7.Nc3 O-O 8.h3 Bd7 9.Be3
Rc8 10.Qd2 Re8 11.Bh6 Nd4 12.Bxg7 Nxf3+ 13.Bxf3 Kxg7 14.Bg2 b5 15.f4 b4 16.Ne2
Qb6 17.c4 bxc3 18.bxc3 c4+ 19.d4 d5 20.exd5 Qd6 21.Kh2 Nxd5 22.Ng1 Bf5 23.Rfe1
Rb8 24.Qc1 Nf6 25.Nf3 Be4 26.Ne5 Bxg2 27.Kxg2 Qd5+ 28.Kh2 Ne4 29.f5 f6 30.Ng4
Qxf5 31.Rf1 Qd5 32.Qc2 Ng5 33.Qe2 Qe4 34.Ne3 Rb6 35.h4 Reb8 36.Rf2 Rb2 37.hxg5
Rxe2 38.gxf6+ exf6 39.Rxe2 Rb5 40.g4 Qd3 41.Rae1 Rb1 42.Rxb1 Qxe2+ 43.Ng2 Qf3
44.Re1 Qxc3 45.g5 fxg5 46.Re7+ Kf8 47.Rxa7 Qxd4 48.Rxh7 c3 {#R} 0-1

[Event "WCh Women 2017"]
[Site "masterchessopen.com Tehran IRI"]
[Date "2017.02.13"]
[Round "1.1"]
[White "Hejazipour,M"]
[Black "Bodnaruk,A"]
[Result "1-0"]
[WhiteElo "2325"]
[BlackElo "2463"]

1.e4 c5 2.Nf3 d6 3.d4 cxd4 4.Nxd4 Nf6 5.Nc3 a6 6.f3 e6 7.Be3 Be7 8.Qd2 b5 9.g4
Bb7 10.O-O-O Nfd7 11.a3 Nb6 12.g5 N8d7 13.f4 Nc5 14.Qg2 Nba4 15.Nde2 Qc7
16.Bxc5 Nxc5 17.h4 Qb6 18.Ng3 b4 19.axb4 Qxb4 20.Qd2 Rb8 21.Qd4 Qxd4 22.Rxd4
h6 23.gxh6 Rxh6 24.h5 g5 25.hxg6 Rxg6 26.Rh8+ Bf8 27.Nge2 Ke7 28.Rb4 Rc8
29.Kb1 a5 30.Rb5 Bc6 31.Rxa5 Nxe4 32.Nxe4 Bxe4 33.Nc3 Bf3 34.Bd3 f5 35.Ra7+
Kf6 36.Nb5 Rg1+ 37.Ka2 Kg6 38.Rg8+ {#r} 1-0

[Event "WCh Women 2017"]
[Site "masterchessopen.com Tehran IRI"]
[Date "2017.02.13"]
[Round "1.1"]
[White "Cramling,P"]
[Black "Nemcova,Kat"]
[Result "1-0"]
[WhiteElo "2434"]
[BlackElo "2359"]

1.d4 d5 2.c4 dxc4 3.e3 Nf6 4.Bxc4 e6 5.Nf3 a6 6.O-O c5 7.Bd3 Nc6 8.a3 cxd4
9.exd4 Be7 10.Nc3 O-O 11.Bc2 b6 12.Re1 Bb7 13.Qd3 Re8 14.d5 exd5 15.Bg5 Ne4
16.Nxe4 dxe4 17.Qxe4 g6 18.Rad1 Qc8 19.Qh4 Bf8 20.Bb3 Qf5 21.Bf6 h6 22.Bc3 Bg7
23.Bxg7 Kxg7 24.Nd4 Rxe1+ 25.Rxe1 Qf6 26.Qxf6+ Kxf6 27.Nxc6 Bxc6 28.Rc1 Rc8
29.h4 Ke7 30.Rc3 Rc7 31.Kh2 Kd6 32.Rd3+ Ke7 33.Rc3 Kd6 34.Rd3+ Ke7 35.Re3+ Kd6
36.Kg3 Bd5 37.Rd3 Rc5 38.Ba2 Ke5 39.b4 Rb5 40.a4 Bxa2 41.axb5 axb5 42.f3 Bc4
43.Rd1 f5 44.f4+ Ke4 45.Rd6 h5 46.Kf2 Kxf4 47.Rxg6 Ke4 48.Rh6 Kd4 49.Rxh5 Bd3
50.Rh6 Kc4 51.Rxb6 Kxb4 52.Ke3 {#r} 1-0

[Event "WCh Women 2017"]
[Site "masterchessopen.com Tehran IRI"]
[Date "2017.02.13"]
[Round "1.1"]
[White "Guramishvili,S"]
[Black "Khademalsharieh,S"]
[Result "1-0"]
[WhiteElo "2357"]
[BlackElo "2452"]

1.d4 Nf6 2.c4 e6 3.Nc3 Bb4 4.f3 c5 5.d5 O-O 6.e4 d6 7.Ne2 Ba5 8.Ng3 a6 9.Bf4
exd5 10.cxd5 b5 11.Be2 Ne8 12.O-O Nd7 13.Kh1 Rb8 14.Qc1 Ne5 15.Nd1 Ng6 16.Be3
Qc7 17.f4 f5 18.Nxf5 Bxf5 19.exf5 Ne7 20.g4 Nxd5 21.Bf3 Qf7 22.Nf2 Nef6 23.Nh3
Nc7 24.Bg1 Qe8 25.Qc2 Kh8 26.Rad1 Rd8 27.b3 Qf7 28.a3 Bb6 29.Ng5 Qg8 30.Rfe1
Rfe8 31.b4 Rxe1 32.Rxe1 Qf8 33.Qa2 Rd7 34.Bc6 Re7 35.Rxe7 Qxe7 36.Nf7+ Kg8
37.Nxd6+ Kf8 38.Nc8 {#r} 1-0

[Event "WCh Women 2017"]
[Site "masterchessopen.com Tehran IRI"]
[Date "2017.02.13"]
[Round "1.1"]
[White "Charochkina,D"]
[Black "Huang Qian"]
[Result "0-1"]
[WhiteElo "2383"]
[BlackElo "2451"]

1.d4 d5 2.c4 c6 3.Nc3 Nf6 4.Nf3 dxc4 5.a4 Bf5 6.Nh4 e6 7.Nxf5 exf5 8.e3 Bb4
9.Bxc4 O-O 10.O-O Nbd7 11.f3 Rc8 12.Bd3 g6 13.e4 c5 14.Bg5 Qb6 15.a5 Bxa5
16.Qa4 c4 17.Qxa5 Qxd4+ 18.Kh1 cxd3 19.exf5 a6 20.Bh6 Rfe8 21.g4 Ne5 22.Bg5
Nc4 23.Qb4 Nd5 24.Qxb7 Nxc3 25.bxc3 Qxc3 26.fxg6 hxg6 27.Rxa6 Qe5 28.Bf6 Qe2
29.Rg1 Rb8 30.Qc6 Nd2 31.Ra2 Qxf3+ 32.Qxf3 Nxf3 33.Rga1 Re2 34.Rxe2 dxe2
35.Bc3 Rc8 36.Be1 Rd8 37.Kg2 Ne5 38.Kf2 Nxg4+ 39.Kxe2 Re8+ 40.Kf3 Nxh2+ 41.Kf4
Nf1 42.Bc3 Ne3 43.Kg5 Rc8 44.Bb2 Nf5 45.Bf6 Ng7 46.Ra7 Ne8 47.Bd4 Rc4 48.Bb2
Rb4 49.Bc3 Rb5+ 50.Kg4 Kf8 51.Rd7 Rf5 52.Bb4+ Kg7 53.Bc3+ Nf6+ 54.Kg3 Kh6
55.Bd2+ g5 56.Re7 Kg6 57.Kg2 Rd5 58.Bc3 Rd3 59.Be5 Nd5 60.Rb7 Ne3+ 61.Kh3 Ng4+
62.Bg3 f5 63.Kg2 f4 64.Be1 Ne3+ 65.Kf2 Ng4+ 66.Ke2 Re3+ 67.Kd2 Ne5 68.Bf2 Re4
69.Rb8 Kf5 70.Rg8 Ra4 71.Bc5 g4 72.Be7 Ra2+ 73.Ke1 g3 74.Rf8+ Ke4 75.Bd6 Nf3+
{#R} 0-1

[Event "WCh Women 2017"]
[Site "masterchessopen.com Tehran IRI"]
[Date "2017.02.13"]
[Round "1.1"]
[White "Zhukova,N"]
[Black "Khurtsidze,N"]
[Result "0-1"]
[WhiteElo "2447"]
[BlackElo "2383"]

1.d4 Nf6 2.c4 e6 3.Nc3 Bb4 4.f3 d5 5.a3 Bd6 6.e4 dxe4 7.fxe4 e5 8.d5 b5 9.Nf3
bxc4 10.Bxc4 O-O 11.Bg5 h6 12.Bh4 Bg4 13.h3 Bh5 14.g4 Bg6 15.Qe2 Nbd7 16.Rg1
Qb8 17.Bb5 Qb6 18.Kf1 Rab8 19.Nd2 a6 20.Nc4 Qa7 21.Nxd6 cxd6 22.Bf2 Qb7
23.Bxa6 Qxb2 24.Qxb2 Rxb2 25.Re1 Ra8 26.Bb5 Rxa3 27.Bxd7 Rxc3 28.Bf5 Bxf5
29.gxf5 Rxh3 30.Bg3 Rb3 31.Bf2 Rhf3 {#R} 0-1

[Event "WCh Women 2017"]
[Site "masterchessopen.com Tehran IRI"]
[Date "2017.02.13"]
[Round "1.1"]
[White "Melia,S"]
[Black "Atalik,E"]
[Result "1-0"]
[WhiteElo "2394"]
[BlackElo "2435"]

1.e4 e5 2.Nf3 Nc6 3.Bc4 Bc5 4.c3 Nf6 5.d3 O-O 6.O-O d5 7.exd5 Nxd5 8.Nbd2 Nb6
9.b4 Be7 10.b5 Na5 11.Nxe5 Naxc4 12.Ndxc4 Nxc4 13.Nxc4 a6 14.bxa6 Rxa6 15.Re1
Be6 16.Bf4 Bf6 17.Ne5 Ra3 18.Qc2 Qa8 19.d4 Rd8 20.Qb2 c6 21.h3 h6 22.Re3 c5
23.dxc5 Qa4 24.Bg3 h5 25.Nf3 Rxa2 26.Rxa2 Rd1+ 27.Kh2 Bxa2 28.c6 bxc6 29.Re8+
Kh7 30.Qb8 Bd5 31.Rh8+ Kg6 32.Qg8 Kf5 33.Rxh5+ Ke4 34.Qh7+ g6 35.Rh4+ {#r} 1-0

[Event "WCh Women 2017"]
[Site "masterchessopen.com Tehran IRI"]
[Date "2017.02.13"]
[Round "1.1"]
[White "Saduakassova,D"]
[Black "Nechaeva,Marina"]
[Result "1-0"]
[WhiteElo "2428"]
[BlackElo "2406"]

1.d4 d5 2.c4 c6 3.Nf3 Nf6 4.e3 Bf5 5.Nc3 e6 6.Nh4 Be4 7.f3 Bg6 8.Qb3 Qb6
9.Nxg6 hxg6 10.Bd2 Nbd7 11.Kf2 Be7 12.Qxb6 axb6 13.a4 O-O 14.cxd5 exd5 15.Bd3
Rfd8 16.g4 Ne8 17.h4 Nf8 18.g5 Ne6 19.Ne2 c5 20.Bc3 Nd6 21.Bc2 Rac8 22.dxc5
bxc5 23.Rad1 Nf5 24.e4 dxe4 25.Bxe4 b6 26.Bxf5 gxf5 27.f4 c4 28.h5 Bf8 29.Kf3
Ra8 30.Nd4 Nxd4+ 31.Rxd4 Rxd4 32.Bxd4 Rxa4 33.Re1 Ra8 34.Bxb6 Rb8 35.Bd4 Bd6
36.Rd1 Rb3+ 37.Bc3 Bb4 38.Rc1 Bxc3 39.bxc3 Rb6 40.Re1 Rd6 41.Re3 Rd2 42.Re8+
Kh7 43.Rf8 Rh2 44.Rxf7 Rxh5 45.Kg2 Rh4 46.Rxf5 Kg6 47.Rf8 Rh7 48.Rc8 Kf5
49.Kg3 Rh1 50.Rc5+ Ke4 51.Rxc4+ Ke3 52.f5 {#r} 1-0

[Event "WCh Women 2017"]
[Site "masterchessopen.com Tehran IRI"]
[Date "2017.02.13"]
[Round "1.1"]
[White "Gaponenko,I"]
[Black "Kovalevskaya,E"]
[Result "1-0"]
[WhiteElo "2407"]
[BlackElo "2423"]

1.e4 c5 2.Nf3 Nc6 3.d4 cxd4 4.Nxd4 e5 5.Nb5 d6 6.N1c3 a6 7.Na3 b5 8.Nd5 Nf6
9.Bg5 Be7 10.Bxf6 Bxf6 11.c3 O-O 12.Nc2 Rb8 13.h4 Be7 14.Nce3 Be6 15.a3 Qd7
16.Qf3 Bd8 17.Rd1 Ne7 18.Be2 Bb6 19.Nf5 Bxd5 20.Rxd5 Nxf5 21.exf5 e4 22.Qxe4
Rfe8 23.Qf3 Qe7 24.Kf1 Qf6 25.g3 Re7 26.Kg2 Rbe8 27.Bd3 h6 28.Rd1 Re5 29.Bf1
Rxd5 30.Qxd5 Bc5 31.b4 Ba7 32.c4 g6 33.cxb5 axb5 34.Bxb5 Rd8 35.Bc4 gxf5
36.Rd3 Rd7 37.Rf3 Qe5 38.Qxe5 dxe5 39.Rxf5 Bd4 40.a4 Kg7 41.b5 Rc7 42.Bd5 Rd7
43.Bb3 Ra7 44.Kf3 f6 45.Ke4 Bb6 46.Kd5 Rc7 47.Ke6 Rc3 48.Bd5 Bd8 49.a5 Bxa5
50.Rxf6 Rc7 51.h5 Bb6 52.f3 Bd4 53.Rg6+ Kh7 54.Kd6 Rc2 55.Be4 Rb2 56.Kc6 Bf2
57.g4 Rb4 58.Re6+ Kg7 59.Rxe5 Kf6 60.Rf5+ Ke7 61.Bd5 Rb2 62.Rf7+ Kd8 63.g5
hxg5 64.h6 Rc2+ 65.Kd6 Bc5+ 66.Ke6 Rh2 67.h7 Ke8 68.Bc6+ Kd8 69.Rg7 Rh6+
70.Kf5 {#r} 1-0

[Event "WCh Women 2017"]
[Site "masterchessopen.com Tehran IRI"]
[Date "2017.02.13"]
[Round "1.1"]
[White "Zhu Chen"]
[Black "Sukandar,I"]
[Result "1-0"]
[WhiteElo "2419"]
[BlackElo "2423"]

1.d4 Nf6 2.c4 e6 3.Nc3 Bb4 4.f3 d5 5.a3 Bxc3+ 6.bxc3 O-O 7.cxd5 exd5 8.e3 Re8
9.Bd3 c5 10.Ne2 Nc6 11.O-O Be6 12.Rb1 b6 13.Ng3 Rc8 14.Bb2 h5 15.Re1 Qd7
16.Ba6 Rc7 17.Bb5 h4 18.Nf1 Bf5 19.Rc1 c4 20.e4 dxe4 21.Ne3 exf3 22.Qxf3 Be4
23.Qf4 h3 24.Nxc4 Re6 25.Ne3 hxg2 26.c4 Nh5 27.Qh4 Bg6 28.Nd5 Rc8 29.Rxe6 Qxe6
30.Re1 Qd6 31.Bxc6 Rxc6 32.Ne7+ Kh7 33.Nxc6 Qxc6 34.d5 Qa4 35.d6 Qc6 36.Qd4
Nf6 37.Qh4+ Nh5 38.Qd4 Nf6 39.Re3 Bh5 40.Rh3 Kg8 41.d7 {#r} 1-0

[Event "WCh Women 2017"]
[Site "masterchessopen.com Tehran IRI"]
[Date "2017.02.13"]
[Round "1.2"]
[White "Muzychuk,A"]
[Black "Mezioud,A"]
[Result "1-0"]
[WhiteElo "2558"]
[BlackElo "2055"]

1.e4 e5 2.Nf3 d6 3.d4 exd4 4.Nxd4 Nf6 5.Nc3 Be7 6.Bf4 O-O 7.Be2 Re8 8.Qd2 Nbd7
9.O-O-O Nc5 10.f3 a6 11.g4 Ne6 12.Be3 Nxd4 13.Bxd4 c5 14.Bxf6 Bxf6 15.Qxd6 Qa5
16.Nd5 Qxa2 17.Nxf6+ gxf6 18.Qxf6 Be6 19.Qg5+ Kh8 20.Qf6+ Kg8 21.Kd2 Qa5+
22.Ke3 c4 23.h4 Rad8 24.Qg5+ Qxg5+ 25.hxg5 b5 26.Rxd8 Rxd8 27.Ra1 Rd6 28.f4
Bc8 29.e5 Rb6 30.Rd1 Rc6 31.Rd8+ Kg7 32.f5 {#r} 1-0

[Event "WCh Women 2017"]
[Site "masterchessopen.com Tehran IRI"]
[Date "2017.02.13"]
[Round "1.2"]
[White "Gunina,V"]
[Black "Ni,V"]
[Result "1-0"]
[WhiteElo "2524"]
[BlackElo "2199"]

1.d4 Nf6 2.c4 e6 3.Nf3 d5 4.Nc3 dxc4 5.e3 c5 6.Bxc4 Be7 7.O-O O-O 8.dxc5 Bxc5
9.Qxd8 Rxd8 10.Bd2 b6 11.Rfd1 Bb7 12.Be1 Nc6 13.Rac1 Rac8 14.Rxd8+ Rxd8 15.a3
Bd6 16.Be2 Bb8 17.Nb5 e5 18.Rd1 Rxd1 19.Bxd1 a6 20.Nc3 b5 21.Bb3 Nd8 22.Nd2
Ba7 23.a4 Bc6 24.axb5 axb5 25.Bc2 Nb7 26.Nde4 Nc5 27.Nd6 b4 28.Nc8 bxc3
29.Ne7+ Kf8 30.Nxc6 Bb6 31.Bxc3 e4 32.Be5 Ke8 33.Nd4 Nd3 34.Bxf6 gxf6 35.Nf5
Kd7 36.Bb3 Nxb2 37.Bxf7 Nd1 38.Bg8 h6 39.h4 Bc5 40.Bb3 Nc3 41.Nxh6 Ne2+ 42.Kf1
Nc1 43.Bd5 {#r} 1-0

[Event "WCh Women 2017"]
[Site "masterchessopen.com Tehran IRI"]
[Date "2017.02.13"]
[Round "1.2"]
[White "Marrero Lopez,Yan"]
[Black "Stefanova,A"]
[Result "0-1"]
[WhiteElo "2255"]
[BlackElo "2512"]

1.e4 e5 2.Nf3 Nc6 3.Bb5 a6 4.Bxc6 dxc6 5.Nc3 f6 6.d3 c5 7.Be3 Bd6 8.a4 Bg4
9.h3 Bh5 10.Ne2 Ne7 11.Ng3 Bf7 12.Nd2 b5 13.b3 O-O 14.O-O Be6 15.Qe2 Qd7
16.Nf3 Rab8 17.Nh4 g6 18.Nf3 Nc6 19.Nd2 Nd4 20.Qd1 Rf7 21.Kh2 h5 22.axb5 axb5
23.c3 Nc6 24.Ne2 g5 25.Ng1 h4 26.f3 Bf8 27.Qe2 Rd8 28.Rfd1 Qc8 29.c4 Qb7
30.Nb1 Nb4 31.Nc3 c6 32.Ra5 Qb6 33.Rda1 Rxd3 34.Bd2 Rfd7 35.Be1 bxc4 36.bxc4
Bxc4 37.Qb2 Rb7 38.Ra8 Nd5 39.Qxb6 {#R} 0-1

[Event "WCh Women 2017"]
[Site "masterchessopen.com Tehran IRI"]
[Date "2017.02.13"]
[Round "1.2"]
[White "Zhao Xue"]
[Black "Martinez,Ay"]
[Result "0-1"]
[WhiteElo "2505"]
[BlackElo "2234"]

1.d4 Nf6 2.c4 g6 3.Nc3 Bg7 4.g3 O-O 5.Bg2 d6 6.Nf3 Nbd7 7.O-O e5 8.e4 exd4
9.Nxd4 Re8 10.b3 Nc5 11.f3 c6 12.Be3 a5 13.Qd2 Nfd7 14.Rad1 Ne5 15.Nde2 Ned3
16.Kh1 Be6 17.Nd4 Qe7 18.Bg1 a4 19.f4 axb3 20.axb3 Ra3 21.Nb1 Raa8 22.Nxe6
Qxe6 23.f5 gxf5 24.exf5 Qe2 25.f6 Qxd2 26.Nxd2 Bh6 27.Ne4 Nxe4 28.Rxd3 Bf8
29.Rd4 Nc5 30.b4 Nd7 31.b5 Ne5 32.Re1 Re6 33.Rf4 Bh6 34.Rd4 Rxf6 35.bxc6 bxc6
36.c5 dxc5 37.Rdd1 Rf5 38.Be4 Rh5 39.Re2 c4 40.Bc2 Nf3 41.Rf1 Nxg1 42.Kxg1 Bg7
43.Rf4 c5 44.Rxc4 Bd4+ 45.Kg2 Ra1 46.Be4 Kg7 47.Rcc2 Rh6 48.Bd3 Bg1 49.h3 Bd4
50.Bc4 Rf6 51.Re4 h5 52.Rh4 Rf5 53.Re4 Rg5 54.Re7 Rg1+ 55.Kf3 R5xg3+ 56.Kf4
Rxh3 57.Bxf7 Rf1+ {#R} 0-1

[Event "WCh Women 2017"]
[Site "masterchessopen.com Tehran IRI"]
[Date "2017.02.13"]
[Round "1.2"]
[White "Foisor,S"]
[Black "Tan Zhongyi"]
[Result "0-1"]
[WhiteElo "2272"]
[BlackElo "2502"]

1.d4 Nf6 2.c4 e6 3.Nc3 Bb4 4.f3 d5 5.a3 Bxc3+ 6.bxc3 O-O 7.e3 c6 8.cxd5 cxd5
9.Bd3 b6 10.Ne2 Ba6 11.Bxa6 Nxa6 12.Qd3 Nb8 13.O-O Nbd7 14.Bb2 Rc8 15.Rad1 Qc7
16.e4 Qc4 17.Qe3 e5 18.Ng3 Qb3 19.Nf5 Kh8 20.Ba1 Qxa3 21.Qg5 Ne8 22.exd5 f6
23.Qg4 g6 24.Nh4 Qd6 25.Qh3 Kg8 26.Qe6+ Rf7 27.c4 exd4 28.Bxd4 Qf8 29.Rfe1 Nd6
30.Qg4 Rxc4 31.f4 Qc8 32.Qe6 Nb5 33.Nf3 Nxd4 34.Rxd4 Rxd4 35.Nxd4 Qc5 36.Qe8+
Nf8 37.Qe4 Rd7 38.Kh1 f5 39.Qe3 Rxd5 40.Rd1 Rd6 41.h3 Ne6 42.Qe2 Qd5 43.Rd2
Qe4 44.Qc4 b5 45.Qa2 Qxf4 46.Nf3 Kf8 47.Rxd6 Qxd6 48.Qxa7 h5 49.Qh7 Nf4 50.Ng5
Qd5 51.Qh8+ Ke7 52.Qg7+ Ke8 53.Qh8+ Kd7 54.Qg7+ Kc8 55.Qh8+ Kb7 56.Qg7+ Ka6
57.Qf6+ Kb7 58.Qg7+ Kb6 59.Qf6+ Kc5 60.Qe7+ Qd6 61.Qe3+ Kb4 62.Qe1+ Kc5
63.Qe3+ Qd4 64.Qc1+ Kb6 65.Nf3 Nd3 66.Qg5 Qd6 67.Qe3+ Nc5 68.Qc3 Ne4 69.Qe3+
Qc5 70.Qh6 Nf2+ 71.Kh2 Qd6+ 72.g3 Ne4 73.Qe3+ Qc5 74.Nd4 Qc3 75.Nxf5+ Qxe3
76.Nxe3 b4 77.Kg2 b3 78.Nd1 Kc5 79.h4 Kd4 80.Kf3 Kd3 81.Nb2+ Kc2 82.Kxe4 Kxb2
83.Kf4 Kc3 84.Kg5 b2 85.Kxg6 b1=Q+ 86.Kxh5 Qf5+ 87.Kh6 Qg4 {#R} 0-1

[Event "WCh Women 2017"]
[Site "masterchessopen.com Tehran IRI"]
[Date "2017.02.13"]
[Round "1.2"]
[White "Batsiashvili,N"]
[Black "Gvetadze,Sopi"]
[Result "1-0"]
[WhiteElo "2492"]
[BlackElo "2285"]

1.d4 Nf6 2.Nf3 c5 3.d5 g6 4.Nc3 Bg7 5.e4 O-O 6.e5 Ng4 7.Bf4 Qb6 8.Rb1 d6
9.exd6 exd6 10.Be2 Nd7 11.O-O a6 12.Nd2 Nge5 13.Bg3 f5 14.f4 Nf7 15.Nc4 Qc7
16.a4 Rb8 17.a5 Re8 18.Bf2 b5 19.axb6 Nxb6 20.Re1 Bd7 21.Qd2 Nxc4 22.Bxc4
Rxe1+ 23.Qxe1 Qa5 24.Ne2 Qa4 25.b3 Qa2 26.Rc1 Bb2 27.Rd1 a5 28.Nc3 Qa3 29.Nb1
Qa2 30.Nc3 Qa3 31.Nb1 Qa1 32.Nc3 Qa3 33.Nb1 Qa2 34.Nc3 Bxc3 35.Qxc3 Qa3 36.Be1
Qb4 37.Qf6 Qb6 38.Bc3 Kf8 39.Re1 {#r} 1-0

[Event "WCh Women 2017"]
[Site "masterchessopen.com Tehran IRI"]
[Date "2017.02.13"]
[Round "1.2"]
[White "Zhou,Qiyu"]
[Black "Pogonina,N"]
[Result "0-1"]
[WhiteElo "2287"]
[BlackElo "2487"]

1.e4 e5 2.Nf3 Nc6 3.Bb5 a6 4.Ba4 Nf6 5.O-O b5 6.Bb3 Bb7 7.d3 Be7 8.Nc3 O-O
9.Re1 d6 10.a3 Nb8 11.Ne2 c5 12.Ng3 Nc6 13.c3 Bc8 14.h3 Be6 15.Bxe6 fxe6 16.b4
Qd7 17.Qb3 Rab8 18.Be3 Rfe8 19.Reb1 Bf8 20.a4 cxb4 21.axb5 axb5 22.cxb4 d5
23.Rc1 d4 24.Bd2 Ra8 25.Ng5 Rxa1 26.Rxa1 h6 27.Nf3 Qb7 28.Ne2 Nd7 29.Ne1 Bd6
30.Nc2 Nf8 31.Qa2 Rb8 32.f4 exf4 33.Nxf4 Qe7 34.Qa6 Qc7 35.Ne2 Qd7 36.Qa2 Kh7
37.Qb2 Bc7 38.Bf4 Rd8 39.Rf1 Ng6 40.Bxc7 Qxc7 41.Na3 Qe7 42.Nxb5 Nge5 43.Nf4
Rb8 44.Na3 Rxb4 45.Qc2 Rb7 46.Nb1 Nb4 47.Qf2 Qd6 48.Qg3 Rf7 49.Nd2 g5 50.Nh5
Rxf1+ 51.Nxf1 Nbxd3 52.h4 Qe7 53.hxg5 Qxg5 54.Qxg5 hxg5 55.Nd2 Kg6 56.Ng3 Nf4
57.Kf1 Ng4 58.Ne2 Ne3+ 59.Kf2 Nxe2 60.Kxe2 Nxg2 61.Nf3 Nf4+ 62.Kd2 d3 63.Ne5+
Kh5 64.Ke3 g4 65.Nc4 g3 66.Kf3 g2 67.Kf2 Kg5 68.Nd2 Kg4 69.Nf3 g1=Q+ {#R} 0-1

[Event "WCh Women 2017"]
[Site "masterchessopen.com Tehran IRI"]
[Date "2017.02.13"]
[Round "1.2"]
[White "Paehtz,E"]
[Black "Pourkashiyan,A"]
[Result "1-0"]
[WhiteElo "2468"]
[BlackElo "2278"]

1.e4 e5 2.Nf3 Nf6 3.Nxe5 d6 4.Nf3 Nxe4 5.c4 Be7 6.d4 O-O 7.Bd3 d5 8.Nc3 Nxc3
9.bxc3 dxc4 10.Bxc4 Nd7 11.O-O Nb6 12.Bb3 Bg4 13.Re1 Bf6 14.Qd3 Re8 15.Rxe8+
Qxe8 16.Bf4 Bxf3 17.Qxf3 c6 18.a4 Rd8 19.a5 Nd5 20.Bd2 Qd7 21.g3 b5 22.axb6
axb6 23.Re1 b5 24.Kg2 Qd6 25.h4 Qa3 26.Bxd5 cxd5 27.Bg5 Bxg5 28.hxg5 Qd6
29.Re5 Kf8 30.Qd3 Re8 31.Rxe8+ Kxe8 32.Qxb5+ Kd8 33.Qb4 Qe6 34.Qf8+ Kd7
35.Qxg7 Qe4+ 36.Kh2 Qf3 37.Qf6 Qxc3 38.Qxf7+ Kd6 39.Qf6+ Kd7 40.Qf5+ Ke8
41.Qxd5 Qc2 42.Kg2 Qb1 43.Qe6+ Kf8 44.d5 Qb7 45.Qf6+ Kg8 46.Qc6 {#r} 1-0

[Event "WCh Women 2017"]
[Site "masterchessopen.com Tehran IRI"]
[Date "2017.02.13"]
[Round "1.2"]
[White "Zhai Mo"]
[Black "Goryachkina,A"]
[Result "0-1"]
[WhiteElo "2304"]
[BlackElo "2466"]

1.d4 d5 2.c4 c6 3.Nf3 Nf6 4.Nc3 dxc4 5.e3 b5 6.Be2 Bb7 7.O-O e6 8.Qc2 Nbd7
9.e4 h6 10.b3 cxb3 11.axb3 a6 12.e5 Nd5 13.Ne4 c5 14.dxc5 Rc8 15.Ba3 b4 16.Bb2
Nxc5 17.Bd4 Nf4 18.Bxc5 Nxe2+ 19.Qxe2 Bxc5 20.Rfd1 Qb6 21.Nfd2 O-O 22.Qg4 Bd4
23.Nd6 Bxa1 24.N2c4 Qc7 25.Rxa1 Rcd8 26.h4 Bd5 27.Rxa6 Bxc4 28.Nxc4 Rd3 29.Qe4
Rxb3 30.Ra8 Qe7 31.g3 Rc3 32.Nd6 b3 33.Rxf8+ Qxf8 34.Qb7 Rc5 35.f4 Rc1+ 36.Kg2
Rc2+ 37.Kh3 b2 38.h5 Re2 39.Kg4 Rd2 40.Nc4 Rc2 41.Nd6 Rh2 42.Ne4 Qe8 43.Kf3 f5
44.exf6 Qxh5+ 45.Ke3 Re2+ 46.Kd4 Rxe4+ {#R} 0-1

[Event "WCh Women 2017"]
[Site "masterchessopen.com Tehran IRI"]
[Date "2017.02.13"]
[Round "1.2"]
[White "Bodnaruk,A"]
[Black "Hejazipour,M"]
[Result "1-0"]
[WhiteElo "2463"]
[BlackElo "2325"]

1.e4 e5 2.Nf3 Nf6 3.d4 Nxe4 4.dxe5 d5 5.Nbd2 Nc5 6.c3 Be7 7.Nb3 Ne6 8.Qc2 c5
9.Be3 b6 10.Rd1 Bb7 11.Bc4 Nc7 12.Bd3 h6 13.O-O Nd7 14.Bf5 Ba6 15.Rfe1 Nf8
16.e6 Nfxe6 17.Ne5 Bf6 18.Bf4 Bxe5 19.Bxe5 O-O 20.Nd2 Bb7 21.Ne4 Ne8 22.Ng3
Qg5 23.Qa4 Qe7 24.Bb1 Nd6 25.Qg4 Ne4 26.Bxe4 dxe4 27.Bd6 Qf6 28.Bxf8 Rxf8
29.Nxe4 Qe7 30.Rd7 {#r} 1-0

[Event "WCh Women 2017"]
[Site "masterchessopen.com Tehran IRI"]
[Date "2017.02.13"]
[Round "1.2"]
[White "Khademalsharieh,S"]
[Black "Guramishvili,S"]
[Result "1-0"]
[WhiteElo "2452"]
[BlackElo "2357"]

1.d4 d5 2.c4 dxc4 3.Nf3 Nf6 4.e3 e6 5.Bxc4 c5 6.O-O Nc6 7.dxc5 Qxd1 8.Rxd1
Bxc5 9.Nbd2 O-O 10.Nb3 Be7 11.Bd2 Bd7 12.Rac1 Rfd8 13.Na5 Nxa5 14.Bxa5 Rdc8
15.Ne5 Ba4 16.b3 Be8 17.Be2 Ba3 18.Rxc8 Rxc8 19.Nc4 Be7 20.Bf3 b6 21.Be1 Bc6
22.Nd6 Bxd6 23.Rxd6 Bxf3 24.gxf3 Kf8 25.Bb4 Ke8 26.Rd3 Nd5 27.Bd2 b5 28.e4 Nb6
29.Bc3 f6 30.f4 Nd7 31.Bb4 Rc6 32.Kg2 Nb8 33.Bd6 Nd7 34.Bb4 Nb8 35.Rd2 Na6
36.Ba5 Ke7 37.Rd8 Rd6 38.Rg8 Kf7 39.Ra8 Rd7 40.Rc8 Rb7 41.Bd2 Nb8 42.Be3 Nd7
43.Kf3 f5 44.e5 h6 45.h4 Ke7 46.h5 Kf7 47.Kg3 g6 48.hxg6+ Kxg6 49.Kh4 Nb6
50.Rc6 Kf7 51.Bxb6 axb6 52.Kh5 b4 53.Kxh6 b5 54.Ra6 Rc7 55.Rb6 Rc2 56.Rxb5
Rxf2 57.Rb7+ Ke8 58.Kg5 Kd8 59.Rxb4 Rxa2 60.Kf6 Ra6 61.Rb7 Ke8 62.Re7+ Kf8
63.Rxe6 Ra3 64.Rb6 {#r} 1-0

[Event "WCh Women 2017"]
[Site "masterchessopen.com Tehran IRI"]
[Date "2017.02.13"]
[Round "1.2"]
[White "Huang Qian"]
[Black "Charochkina,D"]
[Result "0-1"]
[WhiteElo "2451"]
[BlackElo "2383"]

1.Nf3 e6 2.c4 b6 3.g3 Bb7 4.Bg2 f5 5.O-O Nf6 6.b3 d5 7.Bb2 Bd6 8.Qc2 O-O
9.cxd5 Nxd5 10.d3 c5 11.e4 Nb4 12.Qc3 Rf7 13.Nbd2 Nd7 14.a3 Nc6 15.Nc4 Bc7
16.exf5 exf5 17.Rad1 b5 18.Ncd2 Rc8 19.Qc1 Bb6 20.Rfe1 h6 21.Qa1 Nf6 22.h3
Rcc7 23.Ne5 Nxe5 24.Bxe5 Rcd7 25.Bxb7 Rxb7 26.a4 f4 27.axb5 fxg3 28.Bxg3 Nh5
29.Nc4 Nxg3 30.fxg3 Rf3 31.Qe5 Bc7 32.Qe6+ Kh8 33.Re3 Rxg3+ 34.Rxg3 Bxg3
35.Qg4 Bb8 36.Re1 Rf7 37.Qg6 Rf8 38.Re2 Qd4+ 39.Ne3 Qa1+ 40.Kg2 Qe5 41.Kg1 Rf3
{#R} 0-1

[Event "WCh Women 2017"]
[Site "masterchessopen.com Tehran IRI"]
[Date "2017.02.13"]
[Round "1.2"]
[White "Ushenina,A"]
[Black "Ziaziulkina,N"]
[Result "1-0"]
[WhiteElo "2444"]
[BlackElo "2390"]

1.d4 d5 2.c4 c6 3.Nf3 Nf6 4.e3 Bf5 5.Nc3 e6 6.Nh4 Be4 7.f3 Bg6 8.Qb3 Qc7 9.Bd2
Be7 10.g3 Bh5 11.O-O-O g5 12.g4 gxh4 13.gxh5 Nxh5 14.cxd5 cxd5 15.e4 Nf6
16.Bb5+ Nbd7 17.e5 Nh5 18.Rhg1 O-O-O 19.Kb1 Nb8 20.Rc1 Nc6 21.Bxc6 bxc6 22.Nb5
Qb8 23.Rxc6+ Kd7 24.Rc7+ Ke8 25.Rb7 Qc8 26.Nc7+ {#r} 1-0

[Event "WCh Women 2017"]
[Site "masterchessopen.com Tehran IRI"]
[Date "2017.02.13"]
[Round "1.2"]
[White "Padmini,R"]
[Black "Danielian,E"]
[Result "1-0"]
[WhiteElo "2387"]
[BlackElo "2444"]

1.e4 c6 2.d4 d5 3.e5 Bf5 4.Nf3 e6 5.Be2 Ne7 6.O-O h6 7.Nbd2 Nd7 8.Nb3 Qc7
9.Bd2 a5 10.a4 g5 11.Ne1 c5 12.Nxc5 Nxc5 13.dxc5 Bg7 14.Bb5+ Kf8 15.Bc3 Qxc5
16.Nf3 Kg8 17.Bd3 Bg6 18.Nd4 Kh7 19.g3 Rhf8 20.Qd2 Qc7 21.Rae1 Kh8 22.Bxg6
Nxg6 23.f4 gxf4 24.gxf4 Rg8 25.Kh1 Ne7 26.f5 Nxf5 27.Nxf5 exf5 28.Rxf5 Qc6
29.Rf6 {#r} 1-0

[Event "WCh Women 2017"]
[Site "masterchessopen.com Tehran IRI"]
[Date "2017.02.13"]
[Round "1.2"]
[White "Atalik,E"]
[Black "Melia,S"]
[Result "1-0"]
[WhiteElo "2435"]
[BlackElo "2394"]

1.d4 Nf6 2.c4 e6 3.Nf3 c5 4.d5 d6 5.Nc3 exd5 6.cxd5 g6 7.Nd2 Bg7 8.e4 O-O
9.Be2 Re8 10.O-O Na6 11.Re1 Nc7 12.a4 b6 13.h3 Rb8 14.Bb5 Re7 15.Nf3 a6 16.Bc6
b5 17.e5 Nfe8 18.Ne4 h6 19.Be3 bxa4 20.Nxd6 Nxd6 21.Bxc5 Ncb5 22.Bxb5 Nxb5
23.Bxe7 Qxe7 24.Qxa4 Bb7 25.Rad1 Rd8 26.Qc4 Kh7 27.d6 Qe8 28.Qh4 Bxf3 29.gxf3
Rd7 30.Qe4 Qe6 31.Kg2 Rd8 32.f4 h5 33.Rd3 Kg8 34.Red1 Bf8 35.f3 Rc8 36.d7 Rd8
37.Qb7 Be7 38.Rc1 Qa2 39.Rd2 Qa4 40.Qe4 Qa5 41.Qd5 Kf8 42.Rc6 Qb4 43.Rc4 Qb3
44.Qd3 Qa2 45.Rc6 Qa4 46.f5 gxf5 47.Qxf5 Qh4 48.Qh7 Qg5+ 49.Kf1 Qg7 50.Qxh5
Na7 51.Rh6 Bg5 52.Rh8+ Ke7 53.Rh7 Qxh7 54.Qxg5+ {#r} 1-0

[Event "WCh Women 2017"]
[Site "masterchessopen.com Tehran IRI"]
[Date "2017.02.13"]
[Round "1.2"]
[White "Ni,Shiqun"]
[Black "Mkrtchian,L"]
[Result "1-0"]
[WhiteElo "2399"]
[BlackElo "2431"]

1.e4 c6 2.d4 d5 3.exd5 cxd5 4.Bd3 Nc6 5.c3 Nf6 6.Bf4 Bg4 7.Qb3 Qc8 8.Nd2 e6
9.Ngf3 Be7 10.O-O Bh5 11.Rfe1 Bg6 12.Bf1 Ne4 13.a4 O-O 14.Nxe4 Bxe4 15.Nd2 Bg6
16.a5 a6 17.Qd1 Bd8 18.b4 b6 19.axb6 Bxb6 20.Nb3 a5 21.b5 Nb8 22.Bd6 Rd8
23.Bc5 Qc7 24.Bxb6 Qxb6 25.Ra4 Nd7 26.Qd2 Ra7 27.Rea1 Rda8 28.Qb2 Qc7 29.Nxa5
Qb6 30.Qb4 Bc2 31.R4a3 Nb8 32.R1a2 h6 33.g3 Be4 34.Nb3 Rxa3 35.Rxa3 Rxa3
36.Qxa3 Bc2 37.Nc5 Kf8 38.Nd7+ {#r} 1-0